|
|
|
|
| LEADER |
00000nam a2200000 a 4500 |
| 001 |
UCY2156 |
| 003 |
CL-VaPUC |
| 008 |
941011e19800000BL |||||||||||||||||por|d |
| 082 |
0 |
4 |
|a 371.3078
|b STO
|2 21
|
| 100 |
0 |
|
|a Stone, John Henry
|e author
|9 330201
|
| 245 |
1 |
0 |
|a Estudos e pesquisas: aspectos administrativos na producao e utilizacao de materias instruccionais
|
| 300 |
|
|
|a 23 p
|
| 942 |
|
|
|c BK
|
| 945 |
|
|
|d 19941011 00:00:00
|a rbrito
|
| 260 |
|
|
|a Río de Janeiro
|b ABT
|c 1980
|
| 650 |
|
0 |
|a Educación tecnológica
|9 307597
|
| 583 |
|
|
|a last modification
|c 20160914 12:45:57
|k Rodrigo Vera
|
| 999 |
|
|
|c 230648
|d 230646
|
| 952 |
|
|
|0 0
|1 0
|4 0
|6 371_307800000000000_STO_1980
|7 0
|8 P
|9 233066
|a BIBEDU
|b BIBEDU
|c BIBEDU_PB
|d 2019-11-15
|i 3018342
|o 371.3078 STO 1980
|p 3018342
|r 2024-01-25
|w 2019-11-15
|y BK
|k EDU
|